| 000 | 00000nam##2200000za#4500 |
| 001 | 9.600162 |
| 003 | CaOODSP |
| 005 | 20240209132611 |
| 007 | cr ||||||||||| |
| 008 | 150406|2000||||xxc|||||o f|0| 0 fre|d |
| 040 | |aCaOODSP|bfre |
| 043 | |an-cn--- |
| 086 | 1 |aC89-4/85-3-2000F-PDF |
| 110 | 2 |aAgence de promotion économique du Canada atlantique. |
| 245 | 13|aLe développement économique communautaire au Canada atlantique : |h[ressource électronique]|billusion ou panacée? / |c[par] Donald J. Savoie; publié par l'Institut canadien de recherche sur le développement régional. |
| 260 | |aMoncton - Nouveau-Brunswick : |bAgence de promotion économique du Canada atlantique |cc2000. |
| 300 | |a132p.|bcartes en couleur, figure |
| 490 | 1 |aCollection Maritimes. Monographies |
| 590 | |a10-15-Supp|b2010-12-10 |
| 720 | 1 |aSavoie, Donald J. |
| 775 | 08|tCommunity economic development in Atlantic Canada : |w(CaOODSP)9.568901 |
| 830 | #0|aCollection Maritimes. Monographies.|w(CaOODSP)9.500839 |
| 856 | 40|ahttp://publications.gc.ca|qPDF|s2 Mo|uhttps://publications.gc.ca/collections/collection_2010/apeca-acoa/C89-4-85-3-2000-fra.pdf |